<?xml version="1.0" encoding="UTF-8"?>
<collection xmlns="http://www.loc.gov/MARC21/slim">
 <record>
  <leader>04800nam a22005415i 4500</leader>
  <controlfield tag="001">978-3-319-43893-1</controlfield>
  <controlfield tag="003">DE-He213</controlfield>
  <controlfield tag="005">20210619002122.0</controlfield>
  <controlfield tag="007">cr nn 008mamaa</controlfield>
  <controlfield tag="008">170306s2017    gw |    s    |||| 0|eng d</controlfield>
  <datafield tag="020" ind1=" " ind2=" ">
   <subfield code="a">9783319438931</subfield>
   <subfield code="9">978-3-319-43893-1</subfield>
  </datafield>
  <datafield tag="024" ind1="7" ind2=" ">
   <subfield code="a">10.1007/978-3-319-43893-1</subfield>
   <subfield code="2">doi</subfield>
  </datafield>
  <datafield tag="050" ind1=" " ind2="4">
   <subfield code="a">BH1-301</subfield>
  </datafield>
  <datafield tag="072" ind1=" " ind2="7">
   <subfield code="a">HPN</subfield>
   <subfield code="2">bicssc</subfield>
  </datafield>
  <datafield tag="072" ind1=" " ind2="7">
   <subfield code="a">PHI001000</subfield>
   <subfield code="2">bisacsh</subfield>
  </datafield>
  <datafield tag="072" ind1=" " ind2="7">
   <subfield code="a">QDTN</subfield>
   <subfield code="2">thema</subfield>
  </datafield>
  <datafield tag="082" ind1="0" ind2="4">
   <subfield code="a">111.85</subfield>
   <subfield code="2">23</subfield>
  </datafield>
  <datafield tag="245" ind1="1" ind2="0">
   <subfield code="a">Artistic Visions and the Promise of Beauty</subfield>
   <subfield code="h">[electronic resource] :</subfield>
   <subfield code="b">Cross-Cultural Perspectives /</subfield>
   <subfield code="c">edited by Kathleen M. Higgins, Shakti Maira, Sonia Sikka.</subfield>
  </datafield>
  <datafield tag="250" ind1=" " ind2=" ">
   <subfield code="a">1st ed. 2017.</subfield>
  </datafield>
  <datafield tag="264" ind1=" " ind2="1">
   <subfield code="a">Cham :</subfield>
   <subfield code="b">Springer International Publishing :</subfield>
   <subfield code="b">Imprint: Springer,</subfield>
   <subfield code="c">2017.</subfield>
  </datafield>
  <datafield tag="300" ind1=" " ind2=" ">
   <subfield code="a">VI, 265 p.</subfield>
   <subfield code="b">online resource.</subfield>
  </datafield>
  <datafield tag="336" ind1=" " ind2=" ">
   <subfield code="a">text</subfield>
   <subfield code="b">txt</subfield>
   <subfield code="2">rdacontent</subfield>
  </datafield>
  <datafield tag="337" ind1=" " ind2=" ">
   <subfield code="a">computer</subfield>
   <subfield code="b">c</subfield>
   <subfield code="2">rdamedia</subfield>
  </datafield>
  <datafield tag="338" ind1=" " ind2=" ">
   <subfield code="a">online resource</subfield>
   <subfield code="b">cr</subfield>
   <subfield code="2">rdacarrier</subfield>
  </datafield>
  <datafield tag="347" ind1=" " ind2=" ">
   <subfield code="a">text file</subfield>
   <subfield code="b">PDF</subfield>
   <subfield code="2">rda</subfield>
  </datafield>
  <datafield tag="490" ind1="1" ind2=" ">
   <subfield code="a">Sophia Studies in Cross-cultural Philosophy of Traditions and Cultures,</subfield>
   <subfield code="x">2211-1107 ;</subfield>
   <subfield code="v">16</subfield>
  </datafield>
  <datafield tag="505" ind1="0" ind2=" ">
   <subfield code="a">1: Introduction, K. Higgins and S. Maira -- I. What Happened to Beauty?- 2: “Beauty: A Promise of Enduring Art,” R. Lorand -- 3: “The Hollowing of Art and the Call of Beauty,” S. Maira -- 4: “Iconoclasm and the Demise of Aesthetics,” A. Menon -- II. Judging Beautiful Bodies -- 5: “Western Theories of Beauty and Non-Western Peoples,” P. Mitter -- 6: Valli and Devasena,” A. Pande -- 7: “Female Bodies in China: Literati Fantasies, Iron Girls and Olympics Hoopla,” E. Man -- III. Beauty, Virtue, and Happiness -- 8: “Buddhism, Beauty, and Virtue,” D. Cooper -- 9: “Confucian Aesthetics of Persons,” E. Mullis -- 10: “Beauty and the Sense of Life,” K. Higgins -- 11: “Dwelling with Beauty,” S. Sikka -- IV. Beauty and the Self -- 12: “Artistic Creativity,” S. Miri -- 13: “Letting Objects Speak: Beauty in the Japanese Artistic Tradition,” Y.Saito -- 14: “Perceiving Beauty, Recognizing Self,” Y. Lochan -- V. Beauty as Daily Practice -- 15: “Art, Craft and Beauty – A Subjective Vision?” L. Tyabji -- 16: “The Beatiful in Bali,” S. Davies -- 17: “The Aesthetics of Everyday Life: An Exploration through the Buddhist Concept of Vikalpa,” P. Patnaik -- 18: “Daoist Aesthetics of the Everyday and the Fantastical,” S. Mattice.</subfield>
  </datafield>
  <datafield tag="520" ind1=" " ind2=" ">
   <subfield code="a">This volume examines the motives behind rejections of beauty often found within contemporary art practice, where much critically acclaimed art is deliberately ugly and alienating. It reflects on the nature and value of beauty, asking whether beauty still has a future in art and what role it can play in our lives generally. The volume discusses the possible “end of art,” what art is, and the relation between art and beauty beyond their historically Western horizons to include perspectives from Asia. The individual chapters address a number of interrelated issues, including: art, beauty and the sacred; beauty as a source of joy and consolation; beauty as a bridge between the natural and the human; beauty and the human form; the role of curatorial practice in defining art; order and creativity; and the distinction between art and craft. The volume offers a valuable addition to cross-cultural dialogue and, in particular, to the sparse literature on art and beauty in comparative context. It demonstrates the relevance of the rich tradition of Asian aesthetics and the vibrant practices of contemporary art in Asia to Western discussions about the future of art and the role of beauty. .</subfield>
  </datafield>
  <datafield tag="650" ind1=" " ind2="0">
   <subfield code="a">Aesthetics.</subfield>
  </datafield>
  <datafield tag="650" ind1=" " ind2="0">
   <subfield code="a">Fine arts.</subfield>
  </datafield>
  <datafield tag="650" ind1=" " ind2="0">
   <subfield code="a">Cultural studies.</subfield>
  </datafield>
  <datafield tag="650" ind1="1" ind2="4">
   <subfield code="a">Aesthetics.</subfield>
   <subfield code="0">https://scigraph.springernature.com/ontologies/product-market-codes/E11000</subfield>
  </datafield>
  <datafield tag="650" ind1="2" ind2="4">
   <subfield code="a">Fine Arts.</subfield>
   <subfield code="0">https://scigraph.springernature.com/ontologies/product-market-codes/416010</subfield>
  </datafield>
  <datafield tag="650" ind1="2" ind2="4">
   <subfield code="a">Cultural Studies.</subfield>
   <subfield code="0">https://scigraph.springernature.com/ontologies/product-market-codes/X22040</subfield>
  </datafield>
  <datafield tag="700" ind1="1" ind2=" ">
   <subfield code="a">Higgins, Kathleen M.</subfield>
   <subfield code="e">editor.</subfield>
   <subfield code="4">edt</subfield>
   <subfield code="4">http://id.loc.gov/vocabulary/relators/edt</subfield>
  </datafield>
  <datafield tag="700" ind1="1" ind2=" ">
   <subfield code="a">Maira, Shakti.</subfield>
   <subfield code="e">editor.</subfield>
   <subfield code="4">edt</subfield>
   <subfield code="4">http://id.loc.gov/vocabulary/relators/edt</subfield>
  </datafield>
  <datafield tag="700" ind1="1" ind2=" ">
   <subfield code="a">Sikka, Sonia.</subfield>
   <subfield code="e">editor.</subfield>
   <subfield code="4">edt</subfield>
   <subfield code="4">http://id.loc.gov/vocabulary/relators/edt</subfield>
  </datafield>
  <datafield tag="710" ind1="2" ind2=" ">
   <subfield code="a">SpringerLink (Online service)</subfield>
  </datafield>
  <datafield tag="773" ind1="0" ind2=" ">
   <subfield code="t">Springer Nature eBook</subfield>
  </datafield>
  <datafield tag="776" ind1="0" ind2="8">
   <subfield code="i">Printed edition:</subfield>
   <subfield code="z">9783319438917</subfield>
  </datafield>
  <datafield tag="776" ind1="0" ind2="8">
   <subfield code="i">Printed edition:</subfield>
   <subfield code="z">9783319438924</subfield>
  </datafield>
  <datafield tag="776" ind1="0" ind2="8">
   <subfield code="i">Printed edition:</subfield>
   <subfield code="z">9783319829371</subfield>
  </datafield>
  <datafield tag="830" ind1=" " ind2="0">
   <subfield code="a">Sophia Studies in Cross-cultural Philosophy of Traditions and Cultures,</subfield>
   <subfield code="x">2211-1107 ;</subfield>
   <subfield code="v">16</subfield>
  </datafield>
  <datafield tag="856" ind1="4" ind2="0">
   <subfield code="u">https://doi.org/10.1007/978-3-319-43893-1</subfield>
  </datafield>
  <datafield tag="912" ind1=" " ind2=" ">
   <subfield code="a">ZDB-2-REP</subfield>
  </datafield>
  <datafield tag="912" ind1=" " ind2=" ">
   <subfield code="a">ZDB-2-SXPR</subfield>
  </datafield>
  <datafield tag="950" ind1=" " ind2=" ">
   <subfield code="a">Religion and Philosophy (SpringerNature-41175)</subfield>
  </datafield>
  <datafield tag="950" ind1=" " ind2=" ">
   <subfield code="a">Philosophy and Religion (R0) (SpringerNature-43725)</subfield>
  </datafield>
 </record>
</collection>
